[Event "St Jean op"]
[Site "St Jean sur Richelieu CAN"]
[Date "2012.06.09"]
[Round "2"]
[White "Hebert, Jean"]
[Black "Berube, Antoine"]
[Result "1-0"]
[WhiteElo "2544"]
[BlackElo "2246"]
[PlyCount "115"]
[GameId "2160767909509160"]
[EventDate "2012.06.08"]
[EventType "swiss"]
[EventRounds "5"]
[EventCountry "CAN"]
[SourceTitle "EXT 2022"]
[Source "ChessBase"]
[SourceDate "2021.10.06"]
[SourceVersion "1"]
[SourceVersionDate "2021.10.06"]
[SourceQuality "1"]

1. d4 d5 2. c4 c6 3. Nf3 Nf6 4. Nc3 e6 5. e3 Nbd7 6. Qc2 Bd6 7. b3 O-O 8. Be2 Qe7 9. O-O b6 10. e4 e5 11. exd5 cxd5 12. Ng5 e4 13. cxd5 Re8 14. f3 exf3 15. Nxf3 Bb7 16. Bc4 Ng4 17. h3 Ne3 18. Bxe3 Qxe3+ 19. Kh1 Nf6 20. Rae1 Qf4 21. Ne5 Qg3 22. Ne4 Nxe4 23. Qxe4 f6 24. Bd3 Rxe5 25. dxe5 Bxe5 26. Qxh7+ Kf8 27. Rxe5 Qxe5 28. Rf5 Qg3 29. Rf3 Qe1+ 30. Kh2 Qc1 31. Qh8+ Kf7 32. Qh5+ Kf8 33. Bg6 Ke7 34. Be4 Rb8 35. Qg6 Qc7+ 36. Rg3 Kf8 37. Qh7 Qf7 38. Qh8+ Qg8 39. Qxg8+ Kxg8 40. Rc3 Rd8 41. h4 Kf8 42. Kg3 Rd7 43. Rd3 Ba6 44. Rd4 Ke7 45. Bf5 Rd8 46. Kf4 Kd6 47. Ra4 g5+ 48. hxg5 fxg5+ 49. Kxg5 Rg8+ 50. Kf4 Bb5 51. Rxa7 Rxg2 52. a4 Rf2+ 53. Ke4 Bd3+ 54. Kxd3 Rxf5 55. Kc4 Rf4+ 56. Kb5 Kxd5 57. Rd7+ Ke6 58. Rb7 1-0

[Event "St Jean op"]
[Site "St Jean sur Richelieu CAN"]
[Date "2012.06.09"]
[Round "2"]
[White "Kovalyov, Anton"]
[Black "Masse, Hugues"]
[Result "1-0"]
[WhiteElo "2595"]
[BlackElo "2297"]
[PlyCount "89"]
[GameId "2160767909509161"]
[EventDate "2012.06.08"]
[EventType "swiss"]
[EventRounds "5"]
[EventCountry "CAN"]
[SourceTitle "EXT 2022"]
[Source "ChessBase"]
[SourceDate "2021.10.06"]
[SourceVersion "1"]
[SourceVersionDate "2021.10.06"]
[SourceQuality "1"]

1. c4 Nf6 2. Nc3 d5 3. d4 g6 4. cxd5 Nxd5 5. Bd2 Bg7 6. e4 Nxc3 7. Bxc3 O-O 8. Qd2 c5 9. dxc5 Qxd2+ 10. Kxd2 Rd8+ 11. Kc2 Be6 12. Nf3 Nd7 13. c6 bxc6 14. Ng5 Bxc3 15. Kxc3 Nc5 16. f3 Rd7 17. Be2 Rad8 18. Rad1 Rxd1 19. Rxd1 Rxd1 20. Bxd1 Bxa2 21. b3 Bb1 22. b4 Nd7 23. Bb3 Ne5 24. Kd4 h6 25. Kxe5 hxg5 26. Kd4 Kg7 27. Ba4 f6 28. Bxc6 e5+ 29. Kc5 f5 30. Kd6 Kf6 31. b5 Bd3 32. Kc7 g4 33. Kb7 gxf3 34. gxf3 Kg5 35. Kxa7 Bxb5 36. Bxb5 Kf4 37. Bc6 Ke3 38. Kb6 f4 39. Kc5 Kxf3 40. Kd5 g5 41. Kxe5 g4 42. Kf5 g3 43. e5+ Ke3 44. hxg3 fxg3 45. e6 1-0

[Event "St Jean op"]
[Site "St Jean sur Richelieu CAN"]
[Date "2012.06.09"]
[Round "2"]
[White "Laflamme, Simon"]
[Black "Carrier, Claude"]
[Result "1/2-1/2"]
[WhiteElo "1993"]
[BlackElo "2248"]
[PlyCount "101"]
[GameId "2160767909509162"]
[EventDate "2012.06.08"]
[EventType "swiss"]
[EventRounds "5"]
[EventCountry "CAN"]
[SourceTitle "EXT 2022"]
[Source "ChessBase"]
[SourceDate "2021.10.06"]
[SourceVersion "1"]
[SourceVersionDate "2021.10.06"]
[SourceQuality "1"]

1. Nf3 Nf6 2. g3 c5 3. c4 Nc6 4. Bg2 e6 5. O-O d5 6. cxd5 exd5 7. d4 Bg4 8. Ne5 cxd4 9. Nxg4 Nxg4 10. e3 Nf6 11. exd4 Be7 12. Nc3 O-O 13. Qb3 Na5 14. Qb5 a6 15. Qd3 Nc6 16. Bg5 Qb6 17. Bxf6 Bxf6 18. Nxd5 Qxd4 19. Nxf6+ Qxf6 20. Bxc6 Qxc6 21. Rfd1 Rac8 22. Rac1 Qxc1 23. Rxc1 Rxc1+ 24. Kg2 Rfc8 25. Qe4 b5 26. Qb7 R1c6 27. Kf3 h6 28. Ke4 Re6+ 29. Kd3 Rd8+ 30. Kc3 Rd1 31. f4 Rc6+ 32. Kb3 Rd3+ 33. Kb4 Rd4+ 34. Kb3 Rcc4 35. a3 Rd3+ 36. Ka2 Rcd4 37. Qc8+ Rd8 38. Qxa6 R3d5 39. Qb6 Kh7 40. Qb7 Kg6 41. Qc6+ Kf5 42. Qc2+ Rd3 43. Qe2 R8d5 44. Qe7 Kg6 45. g4 f6 46. Qe8+ Kh7 47. Qe4+ Kg8 48. Qe8+ Kh7 49. Qe4+ Kg8 50. Qe8+ Kh7 51. Qe4+ 1/2-1/2

[Event "St Jean op"]
[Site "St Jean sur Richelieu CAN"]
[Date "2012.06.09"]
[Round "3"]
[White "Abran, David"]
[Black "Laflamme, Simon"]
[Result "0-1"]
[WhiteElo "1767"]
[BlackElo "1993"]
[PlyCount "48"]
[GameId "2160767909509163"]
[EventDate "2012.06.08"]
[EventType "swiss"]
[EventRounds "5"]
[EventCountry "CAN"]
[SourceTitle "EXT 2022"]
[Source "ChessBase"]
[SourceDate "2021.10.06"]
[SourceVersion "1"]
[SourceVersionDate "2021.10.06"]
[SourceQuality "1"]

1. d4 Nf6 2. c4 c5 3. e3 g6 4. Nf3 Bg7 5. Be2 O-O 6. O-O cxd4 7. exd4 d5 8. Nc3 dxc4 9. Bxc4 Bg4 10. Be3 Qc7 11. Be2 Rd8 12. Ne5 Bxe2 13. Qxe2 Nc6 14. Nxc6 Qxc6 15. Rac1 Rac8 16. Rfd1 Nd5 17. Ne4 Qb6 18. Nc5 e5 19. Nb3 Rxc1 20. Bxc1 exd4 21. Qe4 Nb4 22. a3 Nc6 23. Bg5 Qxb3 24. Re1 Rf8 0-1

[Event "St Jean op"]
[Site "St Jean sur Richelieu CAN"]
[Date "2012.06.09"]
[Round "3"]
[White "Arsenault, Nicolas"]
[Black "Champetier, Serge"]
[Result "1/2-1/2"]
[WhiteElo "2092"]
[BlackElo "2023"]
[PlyCount "51"]
[GameId "2160767909509164"]
[EventDate "2012.06.08"]
[EventType "swiss"]
[EventRounds "5"]
[EventCountry "CAN"]
[SourceTitle "EXT 2022"]
[Source "ChessBase"]
[SourceDate "2021.10.06"]
[SourceVersion "1"]
[SourceVersionDate "2021.10.06"]
[SourceQuality "1"]

1. e4 d6 2. d4 Nf6 3. Nc3 g6 4. Be3 c6 5. h3 Bg7 6. f4 O-O 7. Nf3 b5 8. a3 Nbd7 9. Bd3 Nb6 10. O-O Bb7 11. Qe2 a6 12. Rad1 Qc7 13. e5 Nfd5 14. Nxd5 Nxd5 15. Bc1 c5 16. c3 cxd4 17. cxd4 f6 18. f5 fxe5 19. fxg6 h6 20. dxe5 dxe5 21. Be4 Nf4 22. Qe1 Bxe4 23. Qxe4 Qb6+ 24. Be3 Qxg6 25. Qxg6 Nxg6 26. Nd2 1/2-1/2

[Event "St Jean op"]
[Site "St Jean sur Richelieu CAN"]
[Date "2012.06.09"]
[Round "3"]
[White "Berube, Antoine"]
[Black "Caire, Francois"]
[Result "1-0"]
[WhiteElo "2246"]
[BlackElo "2268"]
[PlyCount "99"]
[GameId "2160767909509165"]
[EventDate "2012.06.08"]
[EventType "swiss"]
[EventRounds "5"]
[EventCountry "CAN"]
[SourceTitle "EXT 2022"]
[Source "ChessBase"]
[SourceDate "2021.10.06"]
[SourceVersion "1"]
[SourceVersionDate "2021.10.06"]
[SourceQuality "1"]

1. d4 Nf6 2. c4 e6 3. Nc3 Bb4 4. Nf3 c5 5. g3 cxd4 6. Nxd4 O-O 7. Bg2 d5 8. cxd5 Nxd5 9. Bd2 Nb6 10. Nc2 Be7 11. O-O Nc6 12. b3 e5 13. e4 Bg4 14. f3 Bc5+ 15. Be3 Bxe3+ 16. Nxe3 Be6 17. Qe2 Nd4 18. Qf2 Rc8 19. Rac1 Rc6 20. f4 f6 21. Ncd5 Rxc1 22. Rxc1 Qd6 23. Kh1 Rc8 24. Rxc8+ Bxc8 25. Nxb6 Qxb6 26. Nd5 Qc5 27. Qd2 Be6 28. fxe5 fxe5 29. h4 b6 30. Kh2 Bxd5 31. exd5 Qc2 32. Qxc2 Nxc2 33. d6 Kf7 34. Be4 Nd4 35. Bxh7 Ke6 36. g4 Kxd6 37. g5 b5 38. Kg3 Ke6 39. Kg4 b4 40. Bg8+ Ke7 41. h5 Kf8 42. Bc4 Ke7 43. Bd5 Ne2 44. Kf5 Nc3 45. Kxe5 Nxa2 46. h6 gxh6 47. gxh6 Kf8 48. Kf6 Nc3 49. Bc4 Ne4+ 50. Kg6 1-0

[Event "St Jean op"]
[Site "St Jean sur Richelieu CAN"]
[Date "2012.06.09"]
[Round "3"]
[White "Carrier, Claude"]
[Black "Lessard, Claude"]
[Result "0-1"]
[WhiteElo "2248"]
[BlackElo "1998"]
[PlyCount "152"]
[GameId "2160767909509166"]
[EventDate "2012.06.08"]
[EventType "swiss"]
[EventRounds "5"]
[EventCountry "CAN"]
[SourceTitle "EXT 2022"]
[Source "ChessBase"]
[SourceDate "2021.10.06"]
[SourceVersion "1"]
[SourceVersionDate "2021.10.06"]
[SourceQuality "1"]

1. e4 g6 2. d4 Bg7 3. Nc3 d6 4. Be3 Nf6 5. f3 c6 6. Qd2 b5 7. g4 a5 8. h4 h5 9. g5 Nfd7 10. f4 Nb6 11. Nf3 Bg4 12. Nh2 Bd7 13. Bd3 Nc4 14. Bxc4 bxc4 15. O-O e6 16. Qe2 O-O 17. Qxc4 Bc8 18. Rf2 d5 19. Qd3 Na6 20. e5 Re8 21. Na4 Bf8 22. a3 Rb8 23. Nf3 c5 24. dxc5 Qc7 25. c3 Bd7 26. Qc2 Bxa4 27. Qxa4 Bxc5 28. Nd4 Bxd4 29. cxd4 Rec8 30. Rc1 Qb6 31. Rxc8+ Rxc8 32. Rc2 Rxc2 33. Qxc2 Qb5 34. Kf2 a4 35. Qc3 Qd7 36. Qa5 Nc7 37. Bd2 Ne8 38. Bb4 Ng7 39. Qa8+ Kh7 40. Qf8 Nf5 41. Ke1 Qb7 42. Kd2 Qd7 43. Bc5 Qb7 44. Kc1 Ng7 45. Be7 Qb3 46. Bb4 Qe3+ 47. Bd2 Qxd4 48. Qxf7 Qc4+ 49. Kb1 d4 50. Qd7 d3 51. Bc3 Qxf4 52. Qxd3 Qxh4 53. Qe3 Qg4 54. Bb4 h4 55. Be1 h3 56. Qg3 Qd1+ 57. Ka2 Qb3+ 58. Kb1 Nf5 59. Qg1 Qd1+ 60. Ka2 Qd5+ 61. Ka1 Qxe5 62. Bc3 Qc7 63. Qe1 h2 64. Qf1 Qg3 65. Ka2 Qxg5 66. Qh1 Qg1 67. Qb7+ Kh6 68. Bd2+ g5 69. Qf7 h1=Q 70. Qxe6+ Kh5 71. Qe2+ Qg4 72. Qe8+ Kh4 73. Qh8+ Qh5 74. Qe5 Qf7+ 75. Qe6 Qxe6+ 76. b3 Qxb3# 0-1

[Event "St Jean op"]
[Site "St Jean sur Richelieu CAN"]
[Date "2012.06.09"]
[Round "3"]
[White "Hebert, Jean"]
[Black "Kovalyov, Anton"]
[Result "0-1"]
[WhiteElo "2455"]
[BlackElo "2595"]
[PlyCount "134"]
[GameId "2160767909509167"]
[EventDate "2012.06.08"]
[EventType "swiss"]
[EventRounds "5"]
[EventCountry "CAN"]
[SourceTitle "EXT 2022"]
[Source "ChessBase"]
[SourceDate "2021.10.06"]
[SourceVersion "1"]
[SourceVersionDate "2021.10.06"]
[SourceQuality "1"]

1. d4 Nf6 2. Nf3 e6 3. c4 b6 4. e3 Bb7 5. Bd3 c5 6. O-O Be7 7. Nc3 a6 8. dxc5 bxc5 9. e4 d6 10. h3 Nc6 11. Be3 O-O 12. Qe2 Nd7 13. Rfd1 Qc7 14. Rac1 Bf6 15. Nh2 g6 16. f4 Rae8 17. Qf2 Bd4 18. Nf3 Bxe3 19. Qxe3 e5 20. f5 Nd4 21. Qh6 Nxf3+ 22. gxf3 Kh8 23. Rc2 Rg8 24. Rg2 Nf6 25. Bf1 Qe7 26. fxg6 fxg6 27. Qg5 Rd8 28. h4 Qf8 29. Rgd2 h6 30. Qe3 Kh7 31. a3 Nh5 32. Rh2 Nf4 33. Bh3 Qf6 34. Ne2 Nxh3+ 35. Rxh3 Bc8 36. Rh2 Rdf8 37. Kf2 Bg4 38. Ng1 a5 39. Kg3 Bh5 40. Rhd2 Rd8 41. Nh3 Rgf8 42. Rf1 Qe6 43. Rdf2 Qxc4 44. Qc3 Qxc3 45. bxc3 Rb8 46. Rd2 Rf6 47. Ng1 g5 48. hxg5 hxg5 49. Ra1 Rb6 50. a4 Kg7 51. Rh2 Be8 52. Rd1 Rb3 53. Rc1 Ra3 54. Nh3 Rxa4 55. Rb1 g4 56. Rb7+ Rf7 57. Rxf7+ Bxf7 58. Kxg4 Ra2 59. Rh1 a4 60. Rg1 Kf6 61. Ng5 Bb3 62. f4 exf4 63. Kxf4 a3 64. e5+ dxe5+ 65. Ke3 Rc2 66. Ne4+ Kf7 67. Rf1+ Ke7 0-1

[Event "St Jean op"]
[Site "St Jean sur Richelieu CAN"]
[Date "2012.06.09"]
[Round "3"]
[White "Sambuev, Bator"]
[Black "Masse, Hugues"]
[Result "1-0"]
[WhiteElo "2550"]
[BlackElo "2297"]
[PlyCount "67"]
[GameId "2160767909509168"]
[EventDate "2012.06.08"]
[EventType "swiss"]
[EventRounds "5"]
[EventCountry "CAN"]
[SourceTitle "EXT 2022"]
[Source "ChessBase"]
[SourceDate "2021.10.06"]
[SourceVersion "1"]
[SourceVersionDate "2021.10.06"]
[SourceQuality "1"]

1. e4 e6 2. d4 d5 3. Nd2 Be7 4. Ngf3 Nf6 5. e5 Nfd7 6. Bd3 c5 7. c3 Nc6 8. O-O a5 9. Re1 cxd4 10. cxd4 Qb6 11. Nb1 Nxd4 12. Nxd4 Qxd4 13. Nc3 Bc5 14. Be3 Qh4 15. Na4 Bxe3 16. Rxe3 Qd8 17. Qh5 Nf8 18. Rf3 Ng6 19. Bb5+ Kf8 20. Rc1 Rb8 21. Rfc3 Bd7 22. Bxd7 Qxd7 23. Nb6 Qb5 24. Qg5 Re8 25. Qe3 Ne7 26. Rb3 Qa6 27. Rc7 Kg8 28. Nd7 Nf5 29. Qd2 b5 30. Rbc3 b4 31. R3c6 Qa8 32. Nb6 Qa6 33. Rc8 Rf8 34. Rxf8+ 1-0

[Event "St Jean op"]
[Site "St Jean sur Richelieu CAN"]
[Date "2012.06.10"]
[Round "4"]
[White "Caire, Francois"]
[Black "Arsenault, Nicolas"]
[Result "1/2-1/2"]
[WhiteElo "2268"]
[BlackElo "2092"]
[PlyCount "61"]
[GameId "2160767909509169"]
[EventDate "2012.06.08"]
[EventType "swiss"]
[EventRounds "5"]
[EventCountry "CAN"]
[SourceTitle "EXT 2022"]
[Source "ChessBase"]
[SourceDate "2021.10.06"]
[SourceVersion "1"]
[SourceVersionDate "2021.10.06"]
[SourceQuality "1"]

1. Nf3 Nf6 2. c4 e6 3. d4 b6 4. a3 Ba6 5. Qc2 Bb7 6. Nc3 c5 7. e4 cxd4 8. Nxd4 Bc5 9. Nb3 Nc6 10. Be2 O-O 11. Bf4 e5 12. Bg5 h6 13. Bh4 Nd4 14. Nxd4 Bxd4 15. Nd5 Bxd5 16. cxd5 Rc8 17. Qb1 Rc5 18. f3 Qc7 19. Bxf6 gxf6 20. Bd3 f5 21. Ke2 f4 22. Rc1 Rc8 23. Kd1 Be3 24. Rxc5 Qxc5 25. Qc2 d6 26. Qxc5 Rxc5 27. Ke2 Bd4 28. Rb1 Kg7 29. Kd1 Be3 30. Ke2 Bd4 31. Kd1 1/2-1/2

[Event "St Jean op"]
[Site "St Jean sur Richelieu CAN"]
[Date "2012.06.10"]
[Round "4"]
[White "Chiffot, Nicolas"]
[Black "Carrier, Claude"]
[Result "0-1"]
[WhiteElo "2248"]
[BlackElo "2268"]
[PlyCount "70"]
[GameId "2160767909509170"]
[EventDate "2012.06.08"]
[EventType "swiss"]
[EventRounds "5"]
[EventCountry "CAN"]
[SourceTitle "EXT 2022"]
[Source "ChessBase"]
[SourceDate "2021.10.06"]
[SourceVersion "1"]
[SourceVersionDate "2021.10.06"]
[SourceQuality "1"]

1. d4 Nf6 2. c4 g6 3. g3 d5 4. cxd5 Nxd5 5. Bg2 Nb6 6. e4 Bg7 7. Ne2 O-O 8. O-O Nc6 9. d5 Na5 10. Nbc3 e6 11. b3 exd5 12. exd5 c6 13. Ba3 Re8 14. d6 Bg4 15. f3 Be6 16. Rc1 Nd7 17. Nd4 Qb6 18. Nce2 c5 19. Nxe6 Rxe6 20. Kh1 Rxd6 21. Qc2 Rc8 22. b4 Qc7 23. bxa5 Qxa5 24. Bb2 Rd2 25. Qe4 Rxb2 26. Bh3 Qxa2 27. Bxd7 Rxe2 28. Qh4 Bf6 29. Qh6 Rd8 30. Bb5 Bg5 31. Qh3 Rb2 32. Bc4 Qa4 33. Bxf7+ Kxf7 34. Qxh7+ Kf6 35. Rce1 Qd7 0-1

[Event "St Jean op"]
[Site "St Jean sur Richelieu CAN"]
[Date "2012.06.10"]
[Round "4"]
[White "Kovalyov, Anton"]
[Black "Sambuev, Bator"]
[Result "0-1"]
[WhiteElo "2595"]
[BlackElo "2550"]
[PlyCount "116"]
[GameId "2160767909509171"]
[EventDate "2012.06.08"]
[EventType "swiss"]
[EventRounds "5"]
[EventCountry "CAN"]
[SourceTitle "EXT 2022"]
[Source "ChessBase"]
[SourceDate "2021.10.06"]
[SourceVersion "1"]
[SourceVersionDate "2021.10.06"]
[SourceQuality "1"]

1. d4 Nf6 2. c4 e6 3. Nf3 b6 4. g3 Ba6 5. b3 b5 6. cxb5 Bxb5 7. Bg2 Bc6 8. O-O a5 9. Nc3 Bb4 10. Bb2 O-O 11. Rc1 Qc8 12. Ne1 Bxg2 13. Nxg2 Bxc3 14. Bxc3 Nc6 15. Nf4 Nb4 16. Qd2 Ne4 17. Qb2 Nd5 18. Nxd5 exd5 19. f3 Nd6 20. Bd2 Qb7 21. Bf4 Ra6 22. Qc2 Nb5 23. Qd3 a4 24. Bxc7 axb3 25. Qxb3 Ra3 26. Qb4 Qa6 27. Rf2 Rxa2 28. Be5 Ra4 29. Qe7 f6 30. Qxd7 fxe5 31. Qxd5+ Kh8 32. dxe5 Nd4 33. Qd6 Qxd6 34. exd6 Nf5 35. d7 Rd4 36. e4 Ne7 37. Rc7 Rd8 38. Rb2 Kg8 39. Kf2 R4xd7 40. Rxd7 Rxd7 41. Ke3 Kf7 42. h4 Ra7 43. Rb3 g6 44. g4 Ra1 45. Kf4 h6 46. Rb7 Ra5 47. g5 h5 48. Rb6 Rc5 49. Rf6+ Ke8 50. Re6 Rc6 51. Rxc6 Nxc6 52. Ke3 Ke7 53. f4 Kd6 54. Kd3 Kc5 55. Kc3 Nd4 56. f5 gxf5 57. g6 Nc6 58. exf5 Ne7 0-1

[Event "St Jean op"]
[Site "St Jean sur Richelieu CAN"]
[Date "2012.06.10"]
[Round "4"]
[White "Laflamme, Simon"]
[Black "Hebert, Jean"]
[Result "1/2-1/2"]
[WhiteElo "1993"]
[BlackElo "2455"]
[PlyCount "151"]
[GameId "2160767909509172"]
[EventDate "2012.06.08"]
[EventType "swiss"]
[EventRounds "5"]
[EventCountry "CAN"]
[SourceTitle "EXT 2022"]
[Source "ChessBase"]
[SourceDate "2021.10.06"]
[SourceVersion "1"]
[SourceVersionDate "2021.10.06"]
[SourceQuality "1"]

1. Nf3 c5 2. g3 Nc6 3. c4 Nf6 4. Bg2 d5 5. cxd5 Nxd5 6. Nc3 Nc7 7. O-O g6 8. Na4 Ne6 9. Ne1 Bd7 10. Nd3 b6 11. b3 Bg7 12. Bb2 O-O 13. Rc1 Rc8 14. e3 Na5 15. Bxg7 Nxg7 16. Nc3 Bc6 17. Nf4 Qd7 18. Qe2 Bxg2 19. Kxg2 Nc6 20. Rfd1 Ne8 21. h4 Nf6 22. d3 e5 23. Nh3 Nh5 24. g4 Nf6 25. f3 Ne8 26. Nf2 f5 27. h5 gxh5 28. gxh5 Nf6 29. Rh1 Kh8 30. Rcg1 Rg8+ 31. Kf1 Rxg1+ 32. Rxg1 Nxh5 33. f4 exf4 34. Qxh5 fxe3 35. Qg5 Qe7 36. Qxe7 Nxe7 37. Nh3 Ng6 38. Ke2 Rd8 39. Kxe3 Kg7 40. Nf4 Rd7 41. Ncd5 Rd6 42. Rg5 Kf7 43. Rxf5+ Ke8 44. Nf6+ Ke7 45. Nxh7 Nh4 46. Rh5 Rh6 47. Rxh6 Nf5+ 48. Ke4 Nxh6 49. Ng5 Ng4 50. Nf3 Kd6 51. Ng6 b5 52. Nge5 Nf6+ 53. Ke3 Kd5 54. Ng6 Ng4+ 55. Kd2 Nf2 56. Nf4+ Kd6 57. Ke2 Ng4 58. Ng2 Nf6 59. Ne3 a6 60. Ng5 Kc6 61. Ne4 Nd7 62. Ng5 Ne5 63. Ne6 Kd6 64. Nf4 Kc6 65. Nf5 Nd7 66. Ng3 a5 67. Ne4 Nb6 68. Kd2 a4 69. Kc3 axb3 70. axb3 Nd7 71. Ne6 c4 72. bxc4 bxc4 73. dxc4 Nb6 74. Nd4+ Kd7 75. Nc5+ Ke8 76. Nce6 1/2-1/2

[Event "St Jean op"]
[Site "St Jean sur Richelieu CAN"]
[Date "2012.06.10"]
[Round "4"]
[White "Lessard, Claude"]
[Black "Berube, Antoine"]
[Result "1-0"]
[WhiteElo "1998"]
[BlackElo "2248"]
[PlyCount "79"]
[GameId "2160767909509173"]
[EventDate "2012.06.08"]
[EventType "swiss"]
[EventRounds "5"]
[EventCountry "CAN"]
[SourceTitle "EXT 2022"]
[Source "ChessBase"]
[SourceDate "2021.10.06"]
[SourceVersion "1"]
[SourceVersionDate "2021.10.06"]
[SourceQuality "1"]

1. Nf3 d5 2. c4 c6 3. e3 Nf6 4. Qc2 e6 5. b3 Nbd7 6. Bb2 Bd6 7. Be2 Qe7 8. Nc3 a6 9. Rg1 h5 10. h3 h4 11. d4 Ba3 12. Bxa3 Qxa3 13. Ng5 b5 14. f4 bxc4 15. bxc4 Rb8 16. Kf2 Rb2 17. Qc1 Qb4 18. a3 Qb3 19. Rb1 Rxb1 20. Nxb1 Ke7 21. Nd2 Qa4 22. c5 Nh5 23. Qc3 Ng3 24. Bd3 f6 25. Rb1 fxg5 26. Bc2 Qb5 27. Rxb5 axb5 28. fxg5 Rf8+ 29. Nf3 Ne4+ 30. Bxe4 dxe4 31. Qa5 exf3 32. gxf3 Bb7 33. Qc7 Rb8 34. Qd6+ Kd8 35. Qxe6 Ra8 36. Qb3 Ra4 37. f4 g6 38. Qg8+ Kc7 39. Qxg6 Rxa3 40. Qd6+ 1-0

[Event "St Jean op"]
[Site "St Jean sur Richelieu CAN"]
[Date "2012.06.10"]
[Round "4"]
[White "Masse, Hugues"]
[Black "Abran, David"]
[Result "1-0"]
[WhiteElo "2297"]
[BlackElo "1767"]
[PlyCount "53"]
[GameId "2160767909509174"]
[EventDate "2012.06.08"]
[EventType "swiss"]
[EventRounds "5"]
[EventCountry "CAN"]
[SourceTitle "EXT 2022"]
[Source "ChessBase"]
[SourceDate "2021.10.06"]
[SourceVersion "1"]
[SourceVersionDate "2021.10.06"]
[SourceQuality "1"]

1. d4 d5 2. c4 e6 3. Nf3 Nf6 4. g3 c6 5. Bg2 Be7 6. O-O Nbd7 7. Qc2 Ne4 8. Nbd2 Nxd2 9. Bxd2 Nf8 10. e4 dxe4 11. Qxe4 Ng6 12. h4 O-O 13. h5 Nh8 14. Bc3 f5 15. Qe2 Qe8 16. Ne5 Nf7 17. Nd3 b6 18. d5 cxd5 19. cxd5 exd5 20. Nf4 Bd7 21. h6 g5 22. Nxd5 Bd8 23. Qd2 Nxh6 24. Qd4 Qg6 25. Ne7+ Bxe7 26. Bd5+ Be6 27. Bxe6+ 1-0

[Event "St Jean op"]
[Site "St Jean sur Richelieu CAN"]
[Date "2012.06.10"]
[Round "5"]
[White "Abran, David"]
[Black "Chiffot, Nicolas"]
[Result "0-1"]
[WhiteElo "1767"]
[BlackElo "1978"]
[PlyCount "64"]
[GameId "2160767909509175"]
[EventDate "2012.06.08"]
[EventType "swiss"]
[EventRounds "5"]
[EventCountry "CAN"]
[SourceTitle "EXT 2022"]
[Source "ChessBase"]
[SourceDate "2021.10.06"]
[SourceVersion "1"]
[SourceVersionDate "2021.10.06"]
[SourceQuality "1"]

1. e4 e5 2. f4 exf4 3. Nf3 d6 4. d4 g5 5. h3 Bg7 6. Nc3 h5 7. Bc4 g4 8. O-O gxf3 9. Rxf3 Nc6 10. Ne2 Nge7 11. Bxf4 d5 12. exd5 Nxd5 13. c3 Be6 14. Qb3 O-O 15. Raf1 Na5 16. Rg3 Nxf4 17. Rxf4 Bxc4 18. Qc2 Qd6 19. Rff3 Rae8 20. Nf4 Qh6 21. Qf5 Re1+ 22. Kh2 Be6 23. Qxa5 Bg4 24. Rf2 Rfe8 25. Qxa7 Ra1 26. Nd3 Qd6 27. Qc5 Qxc5 28. dxc5 Bd7 29. a3 h4 30. Rg5 Rd1 31. Nf4 Ree1 32. g3 Bc6 0-1

[Event "St Jean op"]
[Site "St Jean sur Richelieu CAN"]
[Date "2012.06.10"]
[Round "5"]
[White "Carrier, Claude"]
[Black "Caire, Francois"]
[Result "0-1"]
[WhiteElo "2248"]
[BlackElo "2268"]
[PlyCount "106"]
[GameId "2160767909509176"]
[EventDate "2012.06.08"]
[EventType "swiss"]
[EventRounds "5"]
[EventCountry "CAN"]
[SourceTitle "EXT 2022"]
[Source "ChessBase"]
[SourceDate "2021.10.06"]
[SourceVersion "1"]
[SourceVersionDate "2021.10.06"]
[SourceQuality "1"]

1. e4 d5 2. exd5 Nf6 3. Bb5+ Bd7 4. Be2 Nxd5 5. d4 Bf5 6. Nf3 e6 7. a3 h6 8. c4 Nf6 9. Nc3 c6 10. Bf4 Bd6 11. Ne5 Bc7 12. Bg3 Nbd7 13. O-O Nxe5 14. Bxe5 O-O 15. Qb3 Rb8 16. Rad1 Nd7 17. f4 Nxe5 18. fxe5 Qe7 19. Na4 b5 20. cxb5 cxb5 21. Nc3 Rfd8 22. Bf3 b4 23. Ne4 bxa3 24. Qxa3 Qxa3 25. bxa3 Bxe4 26. Bxe4 Bb6 27. Rf3 Bxd4+ 28. Kf1 Bxe5 29. Rxd8+ Rxd8 30. g3 Rd2 31. Rd3 Rxd3 32. Bxd3 f5 33. a4 Kf7 34. a5 a6 35. Kg2 Bc7 36. Bxa6 Bxa5 37. Bd3 Kf6 38. h3 e5 39. g4 g6 40. gxf5 gxf5 41. Kf3 Be1 42. Ke2 Bh4 43. Kf3 Kg5 44. Bb1 Be1 45. Ke2 Ba5 46. Kf3 e4+ 47. Kg2 Kf4 48. Bc2 Ke3 49. Bd1 f4 50. Kf1 f3 51. Ba4 Kf4 52. Bd7 e3 53. Bb5 Kg3 0-1

[Event "St Jean op"]
[Site "St Jean sur Richelieu CAN"]
[Date "2012.06.10"]
[Round "5"]
[White "Champetier, Serge"]
[Black "Berube, Antoine"]
[Result "1/2-1/2"]
[WhiteElo "2550"]
[BlackElo "2246"]
[PlyCount "97"]
[GameId "2160767909509177"]
[EventDate "2012.06.08"]
[EventType "swiss"]
[EventRounds "5"]
[EventCountry "CAN"]
[SourceTitle "EXT 2022"]
[Source "ChessBase"]
[SourceDate "2021.10.06"]
[SourceVersion "1"]
[SourceVersionDate "2021.10.06"]
[SourceQuality "1"]

1. e4 c5 2. Nc3 Nc6 3. f4 g6 4. Nf3 Bg7 5. Bb5 Nd4 6. Bd3 d6 7. Nxd4 cxd4 8. Ne2 Nf6 9. c3 dxc3 10. bxc3 O-O 11. O-O b5 12. Rb1 Bd7 13. Ng3 a6 14. a4 Qc7 15. axb5 axb5 16. Qe2 h5 17. Nh1 Bc6 18. Nf2 Rfb8 19. Re1 Rb6 20. Rb3 Ra1 21. Bb1 Ra4 22. d4 b4 23. c4 Bd7 24. Bb2 Ng4 25. Nxg4 Bxg4 26. Qd3 Bc8 27. Rc1 Rc6 28. Qf1 Ba6 29. Bd3 Ra2 30. Kh1 Qa7 31. e5 d5 32. c5 Bxd3 33. Qxd3 Qa4 34. Rb1 Rc8 35. Bc1 Ra1 36. Bd2 Rb8 37. g3 Qa2 38. Kg2 Rxb1 39. Rxb1 b3 40. Kh3 e6 41. Bc3 Qa4 42. Bb2 Bf8 43. Kg2 Be7 44. Kf3 Qb4 45. Qc3 Qb5 46. Ra1 Kg7 47. Kf2 Bd8 48. Ra3 Qc4 49. Ra1 1/2-1/2

[Event "St Jean op"]
[Site "St Jean sur Richelieu CAN"]
[Date "2012.06.10"]
[Round "5"]
[White "Hebert, Jean"]
[Black "Masse, Hugues"]
[Result "0-1"]
[WhiteElo "2455"]
[BlackElo "2297"]
[PlyCount "82"]
[GameId "2160767909509178"]
[EventDate "2012.06.08"]
[EventType "swiss"]
[EventRounds "5"]
[EventCountry "CAN"]
[SourceTitle "EXT 2022"]
[Source "ChessBase"]
[SourceDate "2021.10.06"]
[SourceVersion "1"]
[SourceVersionDate "2021.10.06"]
[SourceQuality "1"]

1. d4 Nf6 2. c4 g6 3. f3 d5 4. cxd5 Nxd5 5. e4 Nb6 6. Nc3 Bg7 7. Be3 O-O 8. a4 a5 9. Qd2 Nc6 10. Nb5 Nb4 11. Rc1 c6 12. Na3 Nxa4 13. f4 c5 14. Nf3 cxd4 15. Nxd4 e5 16. fxe5 Qh4+ 17. g3 Qxe4 18. Bg2 Qd3 19. Nc4 Qxd2+ 20. Kxd2 Rd8 21. Ke2 Bg4+ 22. Bf3 Bxf3+ 23. Nxf3 b5 24. b3 Nd3 25. Rc2 bxc4 26. bxa4 Rdc8 27. Rb1 Nb4 28. Rcc1 c3 29. Bb6 Rc4 30. Rb3 c2 31. Rb2 Re4+ 32. Kf1 Bh6 33. Rcxc2 Nxc2 34. Rxc2 Rxa4 35. Rc7 Rb8 36. Bd4 Bg7 37. Rd7 Ra2 38. h4 Bf8 39. Rc7 Rb1+ 40. Ne1 Rd1 41. Bc3 Bb4 0-1